| 000 | 00569nam a2200205Ia 4500 | ||
|---|---|---|---|
| 003 | OSt | ||
| 005 | 20251211114546.0 | ||
| 008 | 210707s1983 xx 000 0 und d | ||
| 040 | _cAL | ||
| 041 | _aKannada | ||
| 082 | _aK894.2 PUTK | ||
| 100 |
_aPUTTASVAMAYYA (B) _dಬಿ. ಪುಟ್ಟಸ್ವಾಮಯ್ಯ _9248840 |
||
| 245 |
_aKurukshetra. _bಕುರುಕ್ಷೇತ್ರ |
||
| 260 |
_aBengaluru _bVishva Kannada Sammelana _c1983 |
||
| 300 | _avi,136 p | ||
| 365 |
_b2 _cINR |
||
| 563 | _aPB | ||
| 650 |
_aKannada Drama _9248841 |
||
| 942 |
_2ddc _cBK |
||
| 999 |
_c180168 _d180168 |
||